LEADER 00826nam2-22002891i-450- 001 990000230940403321 035 $a000023094 035 $aFED01000023094 035 $a(Aleph)000023094FED01 035 $a000023094 100 $a20011111d--------km-y0itay50------ba 101 0 $aita 105 $ay-------001yy 200 1 $a1. : Les principes de la theorie desprobabilites. Fascicule 2. 161, 3 p. : ill. 210 $aParis$cGauthier-Villars$d1930- 215 $av.$d25 cm 461 0$1001000006737$12001$aErreurs et moindres carres 610 0 $aCalcolo delle probabilità 676 $a519.2 700 1$aDeltheil,$bRobert$f<1890-1972> 801 0$aIT$bUNINA$gRICA$2UNIMARC 901 $aBK 912 $a990000230940403321 952 $a13 K 12 11$b8236$fFINBC 959 $aFINBC 997 $aUNINA DB $aING01 LEADER 01724oas 2200625 a 450 001 9910895776903321 005 20260218112813.0 035 $a(DE-599)ZDB2224989-8 035 $a(OCoLC)313441814 035 $a(CONSER) 2009230662 035 $a(CKB)1000000000759647 035 $a(DE-599)2224989-8 035 $a(EXLCZ)991000000000759647 100 $a20090309a199u9999 ua a 101 0 $aeng 135 $aur||||||||||| 181 $ctxt$2rdacontent 182 $cc$2rdamedia 183 $acr$2rdacarrier 200 00$aCode of federal regulations$hTitle 29$iLabor 210 $aWashington, D.C. $cNational Archives and Records Administration 215 $avolumes $cdigital, PDF file 311 08$a2150-0169 517 1 $aLabor 606 $aLabor laws and legislation$zUnited States$vPeriodicals 606 $aLabor laws and legislation$2fast$3(OCoLC)fst00989967 607 $aUnited States$2fast$1https://id.oclc.org/worldcat/entity/E39PBJtxgQXMWqmjMjjwXRHgrq 608 $aPeriodicals.$2fast 608 $aPeriodicals.$2lcgft 615 0$aLabor laws and legislation 615 7$aLabor laws and legislation. 676 $a344 712 02$aUnited States.$bOffice of the Federal Register. 801 0$bGPO 801 1$bGPO 801 2$bGPO 801 2$bDLC 801 2$bOCLCQ 801 2$bGPO 801 2$bOCLCQ 801 2$bOCL 801 2$bOCLCF 801 2$bOCLCO 801 2$bOCLCQ 801 2$bGILDS 801 2$bOCLCO 801 2$bOCLCQ 801 2$bOCLCL 801 2$bCLU 801 2$bOCLCL 801 2$bOCLCQ 906 $aJOURNAL 912 $a9910895776903321 996 $aCode of federal regulations$93187075 997 $aUNINA